000 01367nam a2200313 4500
003 EG-GICUC
005 20260121101217.0
008 251113s2025 ua ||||fr|||| 00| 0 ara d
017 _a20092143
020 _a9789770459292
040 _a EG-GICUC
_bara
_c EG-GICUC
_d EG-GICUC
_erda
041 0 _aara
082 0 4 _221
_a341.851
_bع ب . ت
092 0 4 _221
099 _aLaw1 12 341.851 ع ب . ت 2025
100 0 _aعبد المنعم زمزم
_eمؤلف.
245 1 2 _aالتعليق على قانون التحكيم فى الفقه والقضاء :
_bشرح النصوص مادة مادة متبوعا بأحكام المحاكم. أحدث اتجاهات محكمة النقض المصرية فى مسائل التحكيم /
_cعبد المنعم زمزم.
264 1 _aالقاهرة :
_bدار النهضة العربية،
_c2025.
300 _a1183 صفحة ;
_c24 سم.
336 _2rda content
_atext
337 _2rda media
_aComputer
338 _2rda carrier
_aOnline Resource
504 _aيحتوي على ارجاعات ببليوجرافية
546 _aالنص أغلبه باللغة العربية بعض النصوص الإنجليزية والفرنسية
650 1 _aالتحكيم - قانون دولي
856 4 0 _uhttps://fll.law.cu.edu.eg/fulltext/bks/B12-00983.pdf
905 _a75
_eYara
942 _2ddc
_n0
_cBK
_e21
999 _c43010
_d43010